{"text_format":"3","workbook":"xlsx","n_sheets":1,"sheets":["交安工程"],"not_rendered":{"defined_names":1},"read":"whole","date_system":"1900"}

{"sheet":"交安工程","index":0,"n_rows":139,"n_cols":9,"rows_kept":139,"merged":[[0,0,0,8],[2,1,2,6],[30,1,30,2],[42,1,42,2],[43,0,45,0],[43,1,45,1],[43,2,45,2],[43,3,45,3],[43,4,45,4],[43,5,45,5],[43,6,45,6],[43,8,45,8],[44,7,45,7],[58,0,59,0],[58,1,59,1],[58,2,59,2],[58,3,59,3],[58,4,59,4],[58,5,59,5],[58,6,59,6],[58,7,59,7],[58,8,59,8],[85,1,85,2],[86,0,87,0],[86,1,87,1],[86,2,87,2],[86,3,87,3],[86,4,87,4],[86,5,87,5],[86,6,87,6],[86,7,87,7],[86,8,87,8],[88,0,89,0],[88,1,89,1],[88,2,89,2],[88,3,89,3],[88,4,89,4],[88,5,89,5],[88,6,89,6],[88,7,89,7],[88,8,89,8],[120,1,120,2],[129,1,129,2],[137,0,137,5],[138,0,138,8]]}
["2024年“A”项目交安工程清单及报价表"]
["序号","项目名称","项目特征描述","计量\r\n单位","工程量","全费用单价限价（元）","限价合价","班组所报全费用单价（元）","合价（元）"]
["一","交安工程"]
[1,"挖沟槽、基坑土石方","1.土石类别：土石综合 \n2.挖土深度：综合\n3.开挖方式：投标人自行综合考虑\n4.对管线、构筑物、建筑物等采取的保护措施，边坡施工防护及变形观测措施：由投标人自行确定，包含在投标报价中\n5.未尽事宜满足设计及现行技术、质量验收规范要求","m3",30,15,{"$f":"E4*F4","v":450}]
[2,"沟槽回填","1.密实度要求：按设计及规范要求夯实\n2.填方材料品种：满足设计规范要求（石方解小由投标人自行考虑，包含在投标报价中）\n3.填方来源、运距：投标人自行综合考虑\n4.对管线、构筑物、建筑物等采取的保护措施，边坡施工防护及变形观测措施：由投标人自行确定，包含在投标报价中\n5.未尽事宜满足设计及现行技术、质量验收规范要求","m3",10,10,100]
[3,"余方弃置","1.废弃料品种：土石综合\n2.场外运距、弃土场费用：投标人自行考虑\n3.未尽事宜满足设计及现行技术、质量验收规范要求","m3",20,25,500]
[4,"导向标记","1.名称：导向标记\n2.涂料品种：热熔型反光涂料，满足设计和施工验收要求\n3.线型、设置宽度：满足设计和施工验收要求\n4.涂料厚度：详设计\n5.玻璃珠、涂料：热熔型涂料必须符合GB/T16311-2009《道路交通标线质量要求和检测方法》要求\n6.未尽事宜满足设计及现行技术、质量验收规范要求","m2","197.35",40,7894]
[5,"文字、图案标记","1.名称：文字、图案标记\n2.涂料品种：热熔型反光涂料，满足设计和施工验收要求\n3.线型、设置宽度：满足设计和施工验收要求\n4.涂料厚度：详设计\n5.玻璃珠、涂料：热熔型涂料必须符合GB/T16311-2009《道路交通标线质量要求和检测方法》要求\n6.未尽事宜满足设计及现行技术、质量验收规范要求","m2","10.05",40,402]
[6,"横道线","1.名称：横道线\n2.涂料品种：热熔型反光涂料，满足设计和施工验收要求\n3.线型、设置宽度：满足设计和施工验收要求\n4.涂料厚度：详设计\n5.玻璃珠、涂料：热熔型涂料必须符合GB/T16311-2009《道路交通标线质量要求和检测方法》要求\n6.未尽事宜满足设计及现行技术、质量验收规范要求","m2","423.34",40,16933.6]
[7,"实线","1.名称：实线\n2.涂料品种：热熔型反光涂料，满足设计和施工验收要求\n3.线型、设置宽度：满足设计和施工验收要求\n4.涂料厚度：详设计\n5.玻璃珠、涂料：热熔型涂料必须符合GB/T16311-2009《道路交通标线质量要求和检测方法》要求\n6.未尽事宜满足设计及现行技术、质量验收规范要求","m2","959.75",40,38390]
[8,"虚线","1.名称：虚线\n2.涂料品种：热熔型反光涂料，满足设计和施工验收要求\n3.线型、设置宽度：满足设计和施工验收要求\n4.涂料厚度：详设计\n5.玻璃珠、涂料：热熔型涂料必须符合GB/T16311-2009《道路交通标线质量要求和检测方法》要求\n6.未尽事宜满足设计及现行技术、质量验收规范要求","m2","152.4",35,5334]
[9,"防撞筒","1.材料品种 ：防撞筒\n2.规格、型号：H=11000m、直径850mm，同外贴钻石级反光膜、填充特细砂或废旧轮胎增重\n3.未尽事宜满足设计及现行技术、质量验收规范要求","个",3,120,360]
[10,"水泥隔离栏杆","1.混凝土强度等级 ：C30\n2.立柱H型钢(194×150×6×9)、横杆φ114×4.5×4000、φ89×4.5×4000，预埋件地脚螺栓及其它构件详设计施工图\n3.油漆：二级反光漆 杆涂装采用中国建筑色卡国家标准(GB/T18922) 1341号白色与1212号蓝色进行相间刷涂\n4.设置黑黄相间立面贴或轮廓标,轮廓标间距4米/个\n5.钢筋连接及安装方式：投标人自行考虑\n6.混凝土运输及浇筑方式：投标人自行考虑，模板不再单独计取费用，由投标人自行考虑在投标报价中\n7.具体做法详见：水泥隔离栏杆大样图\n8.未尽事宜满足设计及现行技术、质量验收规范要求","m","204",330,67320]
[11,"铸铁防撞柱","1.材料品种 ：防撞柱\n2.规格、型号：Q235B、H=1200mm直径、140mm，外贴二级反光膜\n3.未尽事宜满足设计及现行技术、质量验收规范要求","个",20,300,6000]
[12,"氟碳漆","1．材料品种： 氟碳漆\n2．部位：隔离墩、路沿石\n3.未尽事宜满足设计及现行技术、质量验收规范要求","m2","328",60,19680]
[13,"标杆 Φ89×4.5×2500mm","1.类型 ：标杆\n2.材质：Q235 热浸镀锌钢管 \n3.规格尺寸 ：Φ89×4.5×2500mm\n4.基础：900×900×900mm，C25混凝土\n5.钢筋连接及安装方式：投标人自行考虑\n6.混凝土运输及浇筑方式：浇筑方式投标人自行考虑，模板不再单独计取费用，由投标人自行考虑在投标报价中\n7.所有钢构件均应进行热浸镀锌处理,抱箍、紧固件等小型构件的镀锌量为350g/m , 其它钢构件的镀锌量为600g/m \n8.未尽事宜满足设计及现行技术、质量验收规范要求","根","2",1000,2000]
[14,"标杆 Φ89×4.5×3500mm","1.类型 ：标杆\n2.材质：Q235 热浸镀锌钢管 \n3.规格尺寸 ：Φ89×4.5×5000mm\n4.基础：900×900×900mm，C25混凝土\n5.钢筋连接及安装方式：投标人自行考虑\n6.混凝土运输及浇筑方式：浇筑方式投标人自行考虑，模板不再单独计取费用，由投标人自行考虑在投标报价中\n7.所有钢构件均应进行热浸镀锌处理,抱箍、紧固件等小型构件的镀锌量为350g/m , 其它钢构件的镀锌量为600g/m \n8.未尽事宜满足设计及现行技术、质量验收规范要求","根","1",1100,1100]
[15,"标杆 Φ89×4.5×5000mm","1.类型 ：标杆\n2.材质：Q235 热浸镀锌钢管 \n3.规格尺寸 ：Φ89×4.5×5000mm\n4.基础：900×900×900mm，C25混凝土\n5.钢筋连接及安装方式：投标人自行考虑\n6.混凝土运输及浇筑方式：浇筑方式投标人自行考虑，模板不再单独计取费用，由投标人自行考虑在投标报价中\n7.所有钢构件均应进行热浸镀锌处理,抱箍、紧固件等小型构件的镀锌量为350g/m , 其它钢构件的镀锌量为600g/m \n8.未尽事宜满足设计及现行技术、质量验收规范要求","根","2",1200,2400]
[16,"标杆 Φ165×8×7000mm","1.类型 ：标杆\n2.材质：Q235 热浸镀锌钢管 \n3.规格尺寸 ：标杆 Φ165×8×7000mm\n4.基础：1200×1000×1500mm，C25混凝土\n5.钢筋连接及安装方式：投标人自行考虑\n6.混凝土运输及浇筑方式：浇筑方式投标人自行考虑，模板不再单独计取费用，由投标人自行考虑在投标报价中\n7.所有钢构件均应进行热浸镀锌处理,抱箍、紧固件等小型构件的镀锌量为350g/m , 其它钢构件的镀锌量为600g/m \n8.未尽事宜满足设计及现行技术、质量验收规范要求","根","3",5000,15000]
[17,"标杆 2F悬臂式273×10×7900mm","1.类型 ：标杆\n2.材质：Q235 热浸镀锌钢管 \n3.规格尺寸 ：立柱φ273×10×7900mm、横管φ168×10×5313mm、φ168×10×574mm\n4.基础：1800×1600×2200mm，C25混凝土\n5.钢筋连接及安装方式：投标人自行考虑\n6.混凝土运输及浇筑方式：浇筑方式投标人自行考虑，模板不再单独计取费用，由投标人自行考虑在投标报价中\n7.所有钢构件均应进行热浸镀锌处理,抱箍、紧固件等小型构件的镀锌量为350g/m , 其它钢构件的镀锌量为600g/m \n8.未尽事宜满足设计及现行技术、质量验收规范要求","根",5,15000,75000]
[18,"标志板 2400×4800mm","1.类型 ：铝板\n2.材质、规格尺寸： 3mm厚、2400×4800mm \n3.板面反光膜等级：V类反光膜\n4.未尽事宜满足设计及现行技术、质量验收规范要求","块",4,6000,24000]
[19,"标志板 4800×3500mm","1.类型 ：铝板\n2.材质、规格尺寸： 3mm厚、 4800×3500mm\n3.板面反光膜等级：V类反光膜\n4.未尽事宜满足设计及现行技术、质量验收规范要求","块",1,10000,10000]
[20,"标志板 1500×2500mm","1.类型 ：铝板\n2.材质、规格尺寸： 3mm厚、1500×2500mm\n3.板面反光膜等级：V类反光膜\n4.未尽事宜满足设计及现行技术、质量验收规范要求","块","2",3000,6000]
[21,"标志板 1000×1500mm","1.类型 ：铝板\n2.材质、规格尺寸： 3mm厚、1000×1500mm\n3.板面反光膜等级：V类反光膜\n4.未尽事宜满足设计及现行技术、质量验收规范要求","块","2",1200,2400]
[22,"标志板 500×1500mm","1.类型 ：铝板\n2.材质、规格尺寸： 3mm厚、500×1500mm\n3.板面反光膜等级：V类反光膜\n4.未尽事宜满足设计及现行技术、质量验收规范要求","块","3",600,1800]
[23,"标志板 Φ800mm","1.类型 ：铝板\n2.材质、规格尺寸： 3mm厚、Φ800mm\n3.板面反光膜等级：V类反光膜\n4.未尽事宜满足设计及现行技术、质量验收规范要求","块",2,500,1000]
[24,"标志板 Φ1000mm","1.类型 ：铝板\n2.材质、规格尺寸： 3mm厚、Φ1000mm\n3.板面反光膜等级：V类反光膜\n4.未尽事宜满足设计及现行技术、质量验收规范要求","块",7,800,5600]
[25,"标志板  900×900×900mm","1.类型 ：铝板\n2.材质、规格尺寸： 3mm厚、900×900×900mm\n3.板面反光膜等级：V类反光膜\n4.未尽事宜满足设计及现行技术、质量验收规范要求","块","1",425,425]
[26,"太阳能突起路标","1.类型 ：突起路标\n2.材料品种：太阳能电池板(单晶硅)3V100MA,要可充镍氢电池1.2V/1600MAH,标准光强下,充电一天可连续工作7天,容量不易下降; 闪烁160次/分或常亮,显示颜色为白或黄,2颗超高亮LED灯;双面可选,可视距离:>500米,电池型的3-5年,产品保一年,工作环境-20℃~+70℃,防水及抗压能力IP68,抗压25吨\n3.未尽事宜满足设计及现行技术、质量验收规范要求","只",10,30,300]
[27,"隧道口 黄黑立面标记","1.材料品种 ：反光膜\n2.类型 ：黄黑相间的V类大角度反光膜\n3.规格尺寸：条纹宽度20cm\n4.未尽事宜满足设计及现行技术、质量验收规范要求","m2","27.51",300,8253]
["二","拆除工程"]
[1,"清除标线","1.清除方法：投标人自行考虑\n2.未尽事宜满足设计及现行技术、质量验收规范要求","m2",500,35,{"$f":"E32*F32","v":17500}]
[2,"拆除杆件","1.结构形式 ：金属杆\n2.规格尺寸：Φ273×10×7900 mm杆件、Φ165×4×8000杆件                                                 3.拆除后堆放到甲方指定位置\n4.未尽事宜满足设计及现行技术、质量验收规范要求","根",2,200,400]
[3,"标志牌拆除","1.规格：4800×2400mm                                 2.拆除后堆放到甲方指定位置\n3.未尽事宜满足设计及现行技术、质量验收规范要求","个",2,200,400]
[4,"拆除混凝土结构","1.结构形式：钢筋混凝土 \n2.强度等级：C30 建渣由承包方自行外弃，包含在综合单价中\n3.未尽事宜满足设计及现行技术、质量验收规范要求","m3",30,150,4500]
[5,"机箱拆除","1.名称：机箱拆除\n2.拆除方式：由投标人自行考虑，包含在投标报价中          3.拆除后堆放到甲方指定位置\n4.未尽事宜满足设计及现行技术、质量验收规范要求","台",1,100,100]
[6,"控制线拆除","1.类型：控制线拆除\n2.拆除方式：由投标人自行考虑，包含在投标报价中\n3.未尽事宜满足设计及现行技术、质量验收规范要求","m","300",1,300]
[7,"车行信号灯拆除","1.类型：车行信号灯拆除\n2.拆除方式：由投标人自行考虑，包含在投标报价中          3.拆除后堆放到甲方指定位置\n4.未尽事宜满足设计及现行技术、质量验收规范要求","套",6,100,600]
[8,"人行信号灯及灯杆拆除","1.类型：人行信号灯及灯杆拆除\n2.拆除方式：由投标人自行考虑，包含在投标报价中       3.拆除后堆放到甲方指定位置\n4.未尽事宜满足设计及现行技术、质量验收规范要求","套",8,150,1200]
[9,"路口监控拆除","1.名称：路口监控拆除\n2.包含：球机、165*4*8000杆件、165*4*800杆件基础（100*100*100）拆除\n3.拆除方式：由投标人自行考虑，包含在投标报价中          4.拆除后堆放到甲方指定位置\n5.未尽事宜满足设计及现行技术、质量验收规范要求","台",1,600,600]
[10,"C20混凝土垫层（车行道下）","1.材料品种、规格：现浇混凝土C20\n2.厚度：综合\n3.混凝土运输及浇筑方式：投标人自行考虑\n4.未尽事宜满足设计及现行技术、质量验收规范要求","m3","15",500,7500]
[11,"管道包封 C30混凝土","1.名称：预埋电缆保护管砼包封\n2.砼：现浇凝土C30\n3.包封形式及部位：电缆埋管包封\n4.混凝土运输及浇筑方式：投标人自行考虑\n5.未尽事宜满足设计及现行技术、质量验收规范要求","m3",20,530,10600]
["三","信号设施设备"]
[1,"交通信号机","1.类型：交通信号机\n2.规格型号：新一代基于边缘计算技术的物联型道路交通信号控制机，整机采用工控模组化设计；CPU为32位工业级高频率ARM处理器,低功耗、高性能、高可靠性；系统采用嵌入式实时多任务操作系统，安全、稳定。\n1.功能参数\n(1) 集中协调式，4U标准机架堆叠式设计；\n(2) 每一输出板卡可控制4路独立灯组输出，整机可选择4路*（1-8）组输出；每一信号控制相位可任意设置为机动车、非机动车、行人相位，具备扩展到最大32组独立灯控的能力；\n(3) 支持虚拟检测器功能，可设置虚拟检测器，并可通过网络远程对虚拟检测器输出状态进行置位；\n(4) 支持至少250路前端虚拟检测器进行逻辑运算优化控制；信号控制机可将物理检测器、时刻、事件（时间、流量、占有率、第三方网络等）等多种参数进行逻辑运算；具有基于多参数虚拟检测逻辑运算的自主方案混合调用（多时段定周期、感应、自适应、公交优先）；可模拟输入现场指挥要素与逻辑推理过程，实现绿信时长、周期与相位差优化控制；\n(5) 具有丰富的相位控制属性定义，完成相位前伸、后延、插入、弹性控制，提高绿信效率；\n(6) 支持实时车辆存在性或密度检测，用于感应控制或自适应优化控制；\n(7) 支持HiPLC技术高效互联路口前端设备，连接设备包括信号灯具、倒计时、待行LED屏等（华为inside），完成数据通讯；\n(8) 支持HiPLC技术实现前端设备工况、故障等信息主动上报功能，无需铺设专用通讯线缆，降低用户维护成本，实现智能运维；\n(9) 支持定制图形化路口警卫任务手控面板、无线手动控制面板及行人过街按钮；\n(10) 具备“节假日”、“星期”和“普通”三种模式共48个时段，支持多时段定周控制、感应控制、潮汐车道控制、行人过街请求控制、自适应控制、自适应协调控制等方案，以及黄闪、全红、关灯等多种控制模式，方案总数可达到255个； \n(11) 支持感应、自适应控制下的倒计时控制：支持无通信模式、RS485通信等模式控制倒计时器；支持无通信模式提前一个周期和立即关闭倒计时，避免倒计时显示混乱，同时信号灯无任何闪烁现象；\n(12) 支持与视频检测系统无缝对接，实现视频交通检测下的信号控制；\n(13) 支持连接视频电子警察虚拟线圈存在型检测；\n(14) 支持公交优先、出口拥堵控制、事件检测控制、多车道汇入自适应控制等多种场景；\n(15) 支持至少64路检测接入（不含检测卡），支持线圈、地磁、视频、微波等检测方式；\n(16) 交通信息采集包括周期流量、饱和度等统计方式，本地记录并上传，具备通信中断后保存7天以上的流量数据能力；\n(17) 具备RS-232/485、RJ45、USB、WIFI通讯接口，支持中心客户端远程配置，以及使用手持终端及平板电脑APP、移动PC对信号机现场配置、调试；\n(18) 具有独立黄闪控制、故障保护功能；\n(19) 支持绿冲突、红灯全灭、红绿同亮、过流、检测器、通信等故障检测及保护功能；支持各灯组零线电流检测，实现线缆漏电监控；支持主备电源自动切换。\n(20) 具有工业级可视化触控终端接口，连接后可直接显示/查看/修改信号机参数；\n2.电气性能\n(1) 采用工控插件模块化设计，控制状态（LED指示）信息丰富，易于安装、维护；\n(2) 电源额定电压：AC 176V~264V，50Hz±2Hz，支持备用电源接入，支持主备电源自动切换；\n(3) 每路输出最大驱动功率：不低于800W；\n(4) 整机标配功耗：<50W（不含灯具消耗功率）；\n(5) 信号机绝缘电阻：> 50MΩ；\n(6) 电源输入端及灯控信号输出端具备防雷保护功能，具备过流、过压、浪涌和短路保护设备；\n(7) 具备高压防误接及输入电压监测功能；\n(8) 易触及部件之间施加1500V、50Hz 电压，不出现击穿现象；\n(9) 在静电放电、快速瞬变脉冲群 、浪涌、电压短时中断等电磁骚扰环境下不出现电气故障；\n3.机箱材质\n(1) 具备防破坏、防振、防电磁干扰、防尘、防水、防潮、防高温、防锈蚀、防雷击功能；\n(2) 带有电源插座和空气开关，机箱座的固定机箱螺丝采用不锈钢螺丝；\n(3) 机箱表面采用喷塑工艺处理，锁具、门轴坚实牢固，使用寿命在十年以上；\n(4) 304不锈钢材质双开门机箱,机箱门开启角度大于120°，板材厚度不小于2.0毫米，并具有防鼠功能；\n(5) 避雷等级为2级；\n4.工作环境\n(1) 工作温度：-40～＋70℃；\n(2) 工作相对湿度： 5%～95%（不结露）；\n(3) 正常工作时达到IP65防雨淋，信号控制器机柜内部无渗水或积水现象。\n通过公安部下属权威检测机构检测，符合GB25280-2016《道路交通信号控制机》标准要求。\n3.机箱、机箱基础安装详机箱落地设计图\n4.未尽事宜满足设计及现行技术、质量验收规范要求","台",1,31000,{"$f":"E44*F44","v":31000}]
[]
[]
[2,"智能门禁系统","1.名称：智能门禁系统\n2.规格型号：智能门禁锁具，支持开门报警、远程开锁、刷卡开锁，支持无市电状态开启关闭门锁，支持机械钥匙，支持机柜开门拍照\n3.未尽事宜满足设计及现行技术、质量验收规范要求","台",1,3000,{"$f":"E47*F47","v":3000}]
[3,"环境监测模块","1.名称：环境监测模块 \n2.规格型号：功能参数：\n（1）支持机箱温湿度监测，实时检测机柜内温湿度信息，支持高温机箱风扇自动开启；\n（2）支持机箱水位监测，支持异常水位报警；\n（3）支持2路报警输出接口。\n工作环境：\n（1）工作温度：-20～＋70℃；\n（2）工作相对湿度： 5%～95%（不结露）；\n3.未尽事宜满足设计及现行技术、质量验收规范要求","个",1,5000,{"$f":"E48*F48","v":5000}]
[4,"信控边缘网关面板","1.名称：信控边缘网关面板 \n2.规格型号：1、功能参数：\n（1）网关由底板、核心板、PLC集中器模块三部分组成；\n（2）核心板CPU采用SoC芯片，芯片内嵌ARM双核cortex A9、ZSP处理器，频率700MHz,内存512MB，FLASH 1GB；\n（3）支持系统内温度检测；\n（4）支持掉电检测；支持插紧检测；\n（5）支持电源、运行、业务指示灯；\n（6）PLC集中器头端模块CPU采用ARM926EJ-S,工作频率2~12MHz，支持自动低功耗控制技术，支持4级QoS，支持数据分段、重组、重传；支持数据加解密。\n（7）采用边缘计算，支持毫秒级的数据实时分析、事件实时响应；\n（8）支持私有的安全域：数据、节点、网络安全；\n（9）支持边缘智能分析处理，充分利用电力线传输数据，实现路口级数据互通共享，实现路口全面数字化、智能化；\n（10）支持HiPLC高效物联配套倒计时、灯具、待行屏、过街按钮、情报板等交通设施（需设备具备物联网功能）。\n2、电气参数：\n（1）支持USB、COM口、RS485、RJ45等接口；\n（2）工作电源：DC 12V±1V，功耗＜8W\n3、机械参数：铝型材，表喷黑色装饰漆，4U板卡式安装\n4、工作环境：\n（1）工作温度：-40℃~70℃；\n（2）散热方式：自然散热；\n（3）工作湿度：5%~95%非凝露\n3.未尽事宜满足设计及现行技术、质量验收规范要求","台",1,5000,{"$f":"E49*F49","v":5000}]
[5,"信控物联模块（灯具）","1.名称：信控物联模块（灯具）\n2.规格型号：1、功能参数：\n（1）信控物联套件尾端物联模块， CPU采用ARM926EJ-S,工作频率2~12MHz，支持子频段使用；\n（2）支持自动低功耗控制技术，支持4级QoS；\n（3）支持业务指示灯；\n（4）支持数据分段、重组、重传；支持数据加解密；\n（5）支持与信控边缘网关HiPLC通讯，实现尾端设备数字化；\n（6）匹配支持灯具物联网控制，支持尾端设备故障、漏电、线路信息上报等；\n2、电气参数：\n（1）支持UART接口；\n（2）工作电源：DC 12V±1V，功耗＜8W\n3、工作环境：\n（1）工作温度：-40℃~85℃；\n（2）散热方式：自然散热；\n（3）工作湿度：5%~95%非凝露\n3.未尽事宜满足设计及现行技术、质量验收规范要求","个",20,1300,{"$f":"E50*F50","v":26000}]
[6,"信控物联模块（倒计时器）","1.名称：信控物联模块（倒计时器）\n2.规格型号：1、功能参数：\n（1）信控物联套件尾端物联模块， CPU采用ARM926EJ-S,工作频率2~12MHz，支持子频段使用；\n（2）支持自动低功耗控制技术，支持4级QoS；\n（3）支持业务指示灯；\n（4）支持数据分段、重组、重传；支持数据加解密；\n（5）支持与信控边缘网关HiPLC通讯，实现尾端设备数字化；\n（6）匹配支持倒计时物联网控制，支持尾端设备故障、漏电、线路信息上报等；\n2、电气参数：\n（1）支持UART接口；\n（2）工作电源：DC 12V±1V，功耗＜8W\n3、工作环境：\n（1）工作温度：-40℃~85℃；\n（2）散热方式：自然散热；\n（3）工作湿度：5%~95%非凝露\n3.未尽事宜满足设计及现行技术、质量验收规范要求","个",20,1300,{"$f":"E51*F51","v":26000}]
[7,"工业级可视化触控终端","1.名称：工业级可视化触控终端 \n2.规格型号：\n1、功能参数：支持信号机状态查询，支持信号机全部控制数据修改，支持路口数据保存，支持信号机手持接口，支持横屏、竖屏多种模式，彩色图形TFT，分辨率800*480，电容式多点触摸控制，自动背光控制，自动关机\n2、电气参数：工作电源：5VDC/2A，雷击浪涌冲击防护(电源)：5000A(8/20μs)\n3、机械参数：表面硬度莫式7级；\n4、材质：压铸铝外壳，表喷黑色装饰漆，19英寸机架式安装，维护方便\n5、工作环境：工作温度：-20～＋70℃，存储温度：-40～＋85℃，工作相对湿度： 5%～95%（不结露），防护等级：IP54\n3.未尽事宜满足设计及现行技术、质量验收规范要求","台",1,6000,{"$f":"E52*F52","v":6000}]
[8,"警卫任务（应急处突）专用控制面板","1.名称：警卫任务（应急处突）专用控制面板\n2.规格型号：1、功能参数：\n（1）非专业技术人员能够通过现场控制路口信号机的专用控制面板，实现对路口信号灯运行方案的控制，面板为可视化定制产品，与现场路口形状吻合。\n（2）能即时（10秒钟以内）实现路口进口任一方向（最多5个进口方向）所有信号灯为绿灯放行状态，其它进口方向以及人行信号灯为红灯状态。\n（3）能即时（10秒钟以内）实现路口所有信号灯全红、黄闪（人行信号灯无显示）、关灯等状态。\n（4）能即时（10秒钟以内）实现路口运行方案中的阶段保持和转换。阶段保持是指路口信号灯灯色固定在当前阶段不转换，直至有下一步操作为止。\n（5）能即时（10秒钟以内）实现上述几种状态的转换。\n（6）在通过信号机专用按钮实施控制时，路口所有倒计时器、待行屏等设施处于无显示状态，直至取消专用按钮控制模式\n2、电气参数：\n（1）工作电源：5VDC/2A；\n（2）雷击浪涌冲击防护(电源)：5000A(8/20μs)\n3、材质：\n（1）外表面为ABS工程塑料，激光雕刻标识；\n（2）线路板为阻燃线路板；\n4、工作环境：\n（1）工作温度：-20～＋70℃；\n（2）存储温度：-40～＋85℃\n（3）工作相对湿度： 5%～95%（不结露）；\n产品通过第三方检测机构检测\n3.未尽事宜满足设计及现行技术、质量验收规范要求","套",1,5000,{"$f":"E53*F53","v":5000}]
[9,"圆盘机动车信号灯 Φ400mmLED（三灯三色）","1.类型：圆盘机动车信号灯 \n2.信号灯规格、型号、组数：Ф400mm三灯三色,PC面罩,进口超高亮LED芯片,开关电源，通过公安部检测，符合GB 14887-2011《道路交通信号灯》并提供有效期内检测报告。支持黄灯闪通，与交巡警总队主城区常规和重要应急处突线路技术要求一致\n3.含装配、吊装等\n4.包括配套附件等制作安装\n5.未尽事宜满足设计及现行技术、质量验收规范要求","套",4,1500,{"$f":"E54*F54","v":6000}]
[10,"方向机动车信号灯 Φ400mmLED（三灯三色）","1.类型：方向机动车信号灯\n2.信号灯规格、型号、组数：Ф400mm三灯三色,PC面罩,进口超高亮LED芯片,开关电源，通过公安部检测，符合GB 14887-2016《道路交通信号灯》并提供有效期内检测报告。支持黄灯闪通，与交巡警总队主城区常规和重要应急处突线路技术要求一致\n3.含装配、吊装等\n4.包括配套附件等制作安装\n5.未尽事宜满足设计及现行技术、质量验收规范要求","套",4,1200,{"$f":"E55*F55","v":4800}]
[11,"车行倒计时显示器","1.类型：车行倒计时显示器\n2.信号灯规格、型号、组数：\n（1）LED显示管管芯采用进口一级管芯，降压多分组并接方式；中心光强(亮度)≥5000CD，功耗<=25瓦，视角不小于30度；\n（2）点阵式动态显示，32级以上亮度调节，同相位倒计时同步时间不大于0.1秒；\n（3）独立的红黄绿三色数字显示；\n（4）无需单独供电，从信号灯取电，控制主板在信号灯灯色切换时能正常工作；\n（5）支持单相位和双相位计数和显示；\n（6）支持跟随方式（学习式）、通讯方式（实时型）和自适应控制定程显示（显示时间自动学习）；\n（7）支持无通信电缆模式下手动关闭和开启倒计时；\n（8）支持一个信号周期内2次以上红灯和绿灯时间计数和显示；\n（9）可视距离≥300m\n3.含装配、吊装等\n4.包括配套附件等制作安装\n5.未尽事宜满足设计及现行技术、质量验收规范要求","套",8,1200,{"$f":"E56*F56","v":9600}]
[12,"人行信号灯 Φ300mmLED （二灯二色）","1.类型：人行信号灯\n2.信号灯规格、型号、组数：Ф300mm二灯二色+双色倒记时点阵显示,PC面罩,进口超高亮LED芯片，开关电源,无须单独供电，外壳为压铸铝；\n通过公安部检测，符合GB 14887-2011《道路交通信号灯》，提供有效期内检测报告；\n具有与信号机实现有线通讯的功能，支持接收信号机开/关屏命令；\n与交巡警总队主城区常规和重要应急处突线路技术要求一致。\n3.含装配、吊装等\n4.包括配套附件等制作安装\n5.信号灯基础、灯杆安装详人行信号灯灯杆安装图\n5.未尽事宜满足设计及现行技术、质量验收规范要求","套",12,1300,{"$f":"E57*F57","v":15600}]
[13,"电源防雷器","1.名称：电源防雷器 \n2.规格型号：功能参数：\n1、功能参数：系统电源避雷设备\n2、电气参数：（1）电气间隙和爬电距离标准 DIN VDE 0110-1，保护等级 IP20，额定电压 UN 230 V AC，电涌保护器额定电压UC 275 V AC/350 V DC，额定频率fN 50 Hz (60 Hz)，接地导线电流IPE ≤ 0,3 mA （2）待机功耗 PC ≤ 125 mVA，最大放电电流Imax（8/20）µs 40 kA，额定放电电流In（8/20）µs 20 kA，雷电测试电流（10/350）µs，峰值limp 3 kA，最大吸收能量（2 ms） 550 J（3）防护等级 Up ≤ 1,35 kV，残压 ≤ 1 kV (5 kA)， ≤ 1,15 kV (10 kA)， ≤ 1,35 kV (In)， ≤ 950 V (3 kA)，响应时间 ≤ 25 ns （3）分支布线所需的最大备用保险丝 125 A (gL)，短路电阻IP，带有最大备用熔断器（有效） 25 kA，容量 3 nF；3材质：（1）外壳材料、电气间隙和外壳材料 PA；（2）阻燃等级，符合UL 94 V0，黑色；5工作环境：（1）工作环境：-20℃～＋70\n3.未尽事宜满足设计及现行技术、质量验收规范要求","个",9,240,{"$f":"E58*F58","v":2160}]
[14,"雷达视频流程车检器","1.名称：雷达视频流程车检器\n2.规格、型号：采用一体化设计，由智能摄像机及多目标跟踪雷达构成；\n雷达频率：77GHz；\n视频传感器类型：1/1.8\"；\n检测宽度：支持双向多车道多目标轨迹跟踪检测，实时在线仿真，横向≥4个车道；最大目标跟踪：≥128个；\n雷达参数设置：包括检测速度、原点坐标、车道数、车道宽度、方向、架设高度、距离修正参数、角度修正参数；\n视频图像分辨率：≥2712×1536@25fps；\n视频编码格式：H.264、H.265；\n视频接入协议：GB/T28181；\n通信接口：1个10M/100M/1000M 自适应网口，1个RS485接口；\n网络协议：TCP/IP,HTTP,HTTPS,FTP,DNS,RTP,RTSP,RTCP,NTP,IPv6, DHCP,PPPoE, SMTP,SNMP,IGMP,802.1x等网络协议；\n联动功能：应具备与交通信号控制机及信号系统联动，实现自适应信号控制；\n交通异常提示：当检测到车流中异常低速、停车时输出报警信息，报警信息分为拥堵、缓行、逆行、变道、跟车过近、异常停车等；\n交通智能识别：内置车流量、车道平均速度、车头时距、车头间距、车道时间占有率、车道空间占有率、车辆类型、车辆排队长度等智能算法； \n位置速度信息叠加：支持雷达目标位置和速度信息与视频图像叠加；\n 交通状态检测：支持综合时间占有率、车流量及排队长度等参数，识别交通状态，包括：畅通、缓慢及拥堵；\n目标空间数据输出：支持实时显示目标位置坐标（X、Y轴坐标，以车道中心为原点），车道、速度； \n交通热度图：支持时段车辆信息的热度图功能，并支持热度图导出； \n电源：AC 220V±40%；\n工作温度：－20℃～70℃。\n3.未尽事宜满足设计及现行技术、质量验收规范要求","套",6,7000,{"$f":"E59*F59","v":42000}]
[]
[15,"交通流量协议转换器","1.名称：交通流量协议转换器\n2.规格、型号：支持8路网络摄像机输入；32路开关量信号输出；2个RS232串口，1路参数配置端口；1个RS485接口；1个RJ45 10M/100M自适应以太网口；实时流量转换准确率不小于99%；车辆信息输入与实际开关量信号输出之间的最大延迟不大于200ms，平均延时小于100ms；\n3.未尽事宜满足设计及现行技术、质量验收规范要求","套",1,1500,{"$f":"E61*F61","v":1500}]
[16,"终端盒","1.名称：终端盒\n2.规格型号：内置8个10M/100M自适应以太网口；增配交换机最大可扩展至12路高清视频和12路高清图片同时接入；标配1个4T硬盘；标配GPS/北斗功能；\n3.未尽事宜满足设计及现行技术、质量验收规范要求","个",3,130,390]
[17,"摄像机支架 壁式","1.名称：摄像机支架 \n2.未尽事宜满足设计及现行技术、质量验收规范要求","个",6,260,1560]
[18,"摄像机电源","1.名称：摄像机电源\n2.规格型号：AC 220V转DC 12V/2A\n3.未尽事宜满足设计及现行技术、质量验收规范要求","个",6,100,600]
[19,"高清硬盘录像机","1.名称：高清硬盘录像机\n2.规格型号：支持8路高清1080P视频输入，配2*6T硬盘存储30天（硬盘另列清单）\n3.未尽事宜满足设计及现行技术、质量验收规范要求","台",1,3000,3000]
[20,"硬盘 6T","1.名称：硬盘 6T\n2.规格型号：监控级专用硬盘，6T/块，合理工作温度：0～＋60℃；，存储温度：-40～＋85℃，保证摄取的录像资料保存30天以上\n3.未尽事宜满足设计及现行技术、质量验收规范要求","块",1,1500,1500]
[21,"工业以太网交换机","1.名称：工业以太网交换机 \n2.规格型号：工业级，端口类型100/1000BaseT(X)，端口数量8 ，网络标准IEEE 802.3,IEEE 802.3u,IEEE 802.3x，电压12-48VDC，工作温度-40℃-75℃，工作湿度5%-95%(无凝露)  \n3.未尽事宜满足设计及现行技术、质量验收规范要求","台",1,1000,1000]
[22,"6m悬臂式车行灯杆","1.类型：悬臂式车行灯杆 \n2.材质：八棱锥型变径立杆，表面热锓锌处理。立杆外径、横杆外径及壁厚详见对应长度杆件大样图，可抗8级台风 \n3.立杆8m，横杆6m\n4.含装配、吊装等\n5.包括配套附件等制作安装\n6.基础、车行杆做法详悬臂6-8米交通信号灯安装结构图\n7.200mm厚片石垫层表层灌砂，100mm厚C10细石混凝土垫层、C25钢筋混凝土基础\n8.混凝土运输及浇筑方式：投标人自行考虑\n9.钢筋连接方式、安装方式：投标人自行考虑\n9.未尽事宜满足设计及现行技术、质量验收规范要求","根","2",15000,30000]
[23,"8m悬臂式车行灯杆","1.类型：悬臂式车行灯杆 \n2.材质：八棱锥型变径立杆，表面热锓锌处理。立杆外径、横杆外径及壁厚详见对应长度杆件大样图，可抗8级台风 \n3.立杆8m，横杆8m\n4.含装配、吊装等\n5.包括配套附件等制作安装\n6.基础、车行杆做法详悬臂6-8米交通信号灯安装结构图\n7.200mm厚片石垫层表层灌砂，100mm厚C10细石混凝土垫层、C25钢筋混凝土基础\n8.混凝土运输及浇筑方式：投标人自行考虑\n9.钢筋连接方式、安装方式：投标人自行考虑\n9.未尽事宜满足设计及现行技术、质量验收规范要求","根",2,17000,34000]
[24,"悬臂式遮水帽","1.类型：悬臂式遮水帽 \n2.材质、规格尺寸：Ф290*300mm封盖部分Ф230/290半球，国标301不锈钢材质，开缺口，成型后打磨至表面平整、光滑，黄色烤漆\n3.未尽事宜满足设计及现行技术、质量验收规范要求","套",4,100,400]
[25,"电源线 RVV3×6mm2","1.类型：电源线 \n2.材质：铜芯 \n3.规格、型号：RVV3×6mm²，导体材质：无氧铜，绝缘材料：聚氯乙烯，执行标准：GB/T 5023.5-2008\n4.未尽事宜满足设计及现行技术、质量验收规范要求","m",300,24,7200]
[26,"控制线 RVV4×1.5mm2","1.类型：控制线 \n2.材质：铜芯 \n3.铜芯聚氯乙烯绝缘聚氯乙烯护套软线 额定电压：300/500V，规格：：RVV4×1.5mm²，导体材质：无氧铜，绝缘材料：聚氯乙烯，执行标准：GB/T 5023.5-2008额定电压450/750V及以下聚氯乙烯绝缘电缆 \n4.未尽事宜满足设计及现行技术、质量验收规范要求","m",2300,10,23000]
[27,"电源线 RVV3×2.5mm2","1.类型：电源线 \n2.材质：铜芯 \n3.铜芯聚氯乙烯绝缘聚氯乙烯护套软线 额定电压：300/500V，规格：：RVV3×2.5mm²，导体材质：无氧铜，绝缘材料：聚氯乙烯，执行标准：GB/T 5023.5-2008额定电压450/750V及以下聚氯乙烯绝缘电缆 \n4.未尽事宜满足设计及现行技术、质量验收规范要求","m",200,13,2600]
[28,"信号线 RVVSP2×1.0mm2","1.类型：信号线 \n2.材质：铜芯 \n3.铜芯聚氯乙烯绝缘聚氯乙烯护套绞型屏蔽软线额定电压：300/500V，规格：RVVSP2×1.0mm²，导体材质：无氧铜，绝缘材料：聚氯乙烯，执行标准：GB/T 5023.5-2008额定电压450/750V及以下聚氯乙烯绝缘电缆\n4.未尽事宜满足设计及现行技术、质量验收规范要求","m",1000,5,5000]
[29,"超五类双屏蔽网线","1.名称：超五类双屏蔽网线\n2.摄像机传输图片使用的是RJ45网络接口，需布设超五类双屏蔽8芯纯铜室外专用网线\n3.敷设方式：综合\n4.未尽事宜满足设计及现行技术、质量验收规范要求","m",200,4,800]
[30,"智能电表","1.名称：智能电表 \n2.型号、规格：电表准确度等级：1.0级，符合GB/T17215-1998、IEC1036-1996；电流规格5(20)A，额定电压：AC220V，额定频率50Hz\n3.未尽事宜满足设计及现行技术、质量验收规范要求","个",1,260,260]
[31,"接地线 RVV1×10.0mm2","1.类型：电源线 \n2.材质：铜芯 \n3.额定电压：300/500V，规格RVV1×10.0mm²，导体材质：无氧铜，绝缘材料：聚氯乙烯，执行标准：GB/T 5023.5-2008\n4.未尽事宜满足设计及现行技术、质量验收规范要求","m",60,13,780]
[32,"接地极 L50×5×2500mm","1.名称：接地极 \n2.类型：接地极\n3.材质：镀锌角钢\n4.规格：L50×5×2500mm\n5.土质：综合\n6.基础接地形式：详设计\n7.未尽事宜满足设计及现行技术、质量验收规范要求","根",20,45,900]
[33,"热镀锌接地扁钢 40×4mm","1.名称：接地母线\n2.材质：镀锌扁钢\n3.规格：-40×4mm\n4.未尽事宜满足设计及现行技术、质量验收规范要求","m",150,13,1950]
[34,"手孔井","1.手孔井\n2.做法详信号管线手孔大样图，模板不再单独计取费用，包含在综合单价中\n3.井盖与井座一体化防盗连接；定制“公安交通”字样\n4.未尽事宜满足设计及现行技术、质量验收规范要求","座",26,650,16900]
[35,"镀锌钢管 φ114mm","1.材料品种：镀锌钢管\n2.规格：Ф114\n3.未尽事宜满足设计及现行技术、质量验收规范要求","m",500,70,35000]
[36,"HDPE管 φ100mm","1.材料品种：HDPE管\n2.规格：Ф100\n3.未尽事宜满足设计及现行技术、质量验收规范要求","m",1000,25,25000]
[37,"报修电话标牌","1.类型：报修电话标牌 \n2.材质、规格尺寸：800*1200*2mm，超强级反光膜，报修电话标牌\n3.未尽事宜满足设计及现行技术、质量验收规范要求","块",1,350,350]
[38,"交通智能系统调试","1.系统类别：交通智能系统调试\n2.未尽事宜满足设计及现行技术、质量验收规范要求","系统",1,2000,2000]
[39,"接地装置调试","1.名称：接地装置调试 \n2.类别：接地网\n3.未尽事宜满足设计及现行技术、质量验收规范要求","系统",1,650,650]
["四"," 电子警察及监控设施设备"]
[1,"电子警察抓拍单元（900万）","1.名称：电子警察抓拍单元（900万） \n2.规格型号：\n（1）采用一体化设计，含智能摄像机（内置GPU分析芯片）、综合控制模块，高清镜头，防雷器、温控护罩、电源适配器等；\n（2）有效像素：900万，1英寸彩色GMOS图像传感器；\n（3）覆盖范围：3车道；\n（4）视频帧率：1～25fps可调；\n（5）镜头接口：C/CS镜头，自动光圈；\n（6）视频编码格式：H.265、H.264；\n（7）图片编码格式：JPEG\n（8）最低照度：彩色：0.0002 Lx；\n（9）通信接口：2个100/1000M自适应RJ45接口，支持RS485接口通信；\n(10)智能功能：内置车牌识别（含新能源）、车型识别、车身颜色、车辆子品牌识别、压线、逆行、变道、超速等多种违章检测功能，同时支持摩托车检测抓拍；\n(11)补光灯：具备补光灯控制功能，并可检测补光灯是否起效；\n(12)抓拍方式：支持连续抓拍模式，其中号牌和车辆特征、车身颜色、识别时间应≤300ms，支持混合抓拍模式，可同时对行人、非机动车、机动车进行检测、跟踪及抓拍；\n(13)图片压缩；具备图片ROI压缩,大小参数可设置；\n(14)GPS定位：具备GPS定位功能；\n(15)本地存储：具备本地存储（≥16GB)、自动加密、自动覆盖、自动上传、断网续传；\n(16)视频接入标准：GB/T 28181；\n(17)工作温度：-40℃-70℃；\n(18)工作湿度：5%~95%@40℃（无凝结）；\n(19）符合GA/T497-2016,  GA/T832-2014,GB/T28181 -2016技术规范要求。\n3.DSP抓拍处理模块：集成于相机中，TI CPU（ARM+DSP），视频检测、摄像、抓拍、车牌识别等功能\n4.含装配、吊装等\n5.包括配套附件等制作安装\n6.未尽事宜满足设计及现行技术、质量验收规范要求","台",4,9000,{"$f":"E87*F87","v":36000}]
[]
[2,"车辆人脸卡口抓拍单元(900W)","1.名称：车辆人脸卡口抓拍单元(900W) \n2.规格型号：\n（1）采用一体化设计，含智能摄像机（内置GPU分析芯片）、综合控制模块，高清镜头，防雷器、温控护罩、电源适配器等；\n（2）有效像素：900万，\n（3）传感器：内置两个图像传感器，可分别输出黑白机彩色图像，并支持视频图像机抓拍图片融合输出；\n（4）覆盖范围：2车道；\n（5）视频帧率：1～25fps可调；\n（6）镜头：采用一体化镜头设计；\n（7）视频编码格式：H.265、H.264；\n（8）图片编码格式：JPEG\n（9）最低照度：彩色：0.0002 Lx；\n（10）通信接口：2个100/1000M自适应RJ45接口，支持RS485接口通信；\n（11）智能功能：内置车牌识别（含新能源）、车型识别、车身颜色、车辆子品牌识别、压线、逆行、变道、超速等多种违章检测功能，同时支持摩托车检测抓拍；\n（12）补光灯：补光控制：爆闪灯支持白天、夜晚两种模式，支持配置时间自动切换日夜模式，白天为白光，夜晚为红外；\n（13）抓拍方式：支持连续抓拍模式，其中号牌和车辆特征、车身颜色、识别时间应≤300ms，支持混合抓拍模式，可同时对行人、非机动车、机动车进行检测、跟踪及抓拍；\n（14)人像模式：支持专业级得前排驾驶人员人脸捕获及抓拍，可实现人车关联抓拍；\n（15）车窗加强：支持车辆识别后，对车窗区域图像通透性进行提升；\n（16）图片增强：支持抓拍图片提亮，暗处提亮，亮处压制；\n（17）像素分量：可显示设定区域内各像素点的RGB分量值；\n（18）视频接入标准：GB/T 28181；\n（19）工作温度：-40℃-70℃；\n（20）工作湿度：5%~95%@40℃（无凝结）；\n（21）符合GA/T497-2016,GA/T832-2014技术规范要求。\n3.DSP抓拍处理模块：集成于相机中，TI CPU（ARM+DSP），视频检测、摄像、抓拍、车牌识别等功能\n4.含装配、吊装等\n5.包括配套附件等制作安装\n6.未尽事宜满足设计及现行技术、质量验收规范要求","台",2,11000,{"$f":"E89*F89","v":22000}]
[]
[3,"高清镜头","1.名称：高清镜头 \n2.规格型号：百万像素，手动光圈，手动变焦\n3.未尽事宜满足设计及现行技术、质量验收规范要求","台",6,800,{"$f":"E91*F91","v":4800}]
[4,"摄像机护罩+安装支架","1.名称：摄像机护罩+安装支架 \n2.规格型号：防水，防尘，带加热器和风扇\n3.未尽事宜满足设计及现行技术、质量验收规范要求","台",6,450,2700]
[5,"高清摄像机电源","1.名称：高清摄像机电源\n2.功能参数：高清摄像机电源；\n电气参数输入：100VAC～240VAC，输出AC24V。\n工作环境:（1） 湿度：5%~95%@40℃，无凝结；（2） 工作环境温度：-40℃～+80℃；\n3.未尽事宜满足设计及现行技术、质量验收规范要求","个",10,100,1000]
[6,"电源防雷器","1.名称：电源防雷器 \n2.规格型号：系统电源避雷设备，电气间隙和爬电距离标准DINVDE0110- 1，保护等级 IP20，额定电压 UN 230 V AC，电涌保护器额定电压UC 275 V AC/350 V DC，额定频率fN 50 Hz (60 Hz)，接地导线电流IPE ≤ 0,3 mA，待机功耗 PC ≤ 125 mVA，最大放电电流Imax（8/20）µs 40 kA，额定放电电流In（8/20）µs 20 kA，雷电测试电流（10/350）µs，峰值limp 3 kA，最大吸收能量（2 ms） 550 J，防护等级 Up ≤ 1,35 kV，残压 ≤ 1 kV (5 kA)， ≤ 1,15 kV (10 kA)， ≤ 1,35 kV (In)， ≤ 950 V (3 kA)，响应时间 ≤ 25 ns ，分支布线所需的最大备用保险丝 125 A (gL)，短路电阻IP，带有最大备用熔断器（有效） 25 kA，容量 3 nF；外壳材料、电气间隙和外壳材料 PA，阻燃等级，符合UL 94 V0，黑色；工作环境：-20℃～＋70℃，工作相对湿度： 5%～95%（不结露）\n3.未尽事宜满足设计及现行技术、质量验收规范要求","个","10",220,2200]
[7,"网络防雷器","1.名称：网络防雷器\n2.规格型号：配套高清摄像机使用。网络部分：最大持续工作电压：5V；标称放电电流：3kA；最大通流容量：5kA；响应时间：1ns；传输速率：100Mbps；插入损耗：≤0.5dB；电源部分：工作电压：220V AC；最大持续工作电压：385V AC；标称放电电流：5kA；最大通流容量：10kA\n3.未尽事宜满足设计及现行技术、质量验收规范要求","个",10,240,2400]
[8,"枪球一体机","1.名称：枪球一体机 \n2.规格型号：枪球一体化设计，兼顾全景与细节；支持双云台，设备具备全景、细节两个通道且都支持远程转动调节位置，灵活布控；细节相机支持25倍光学变倍，16倍数字变倍；400万像素1/1.8英寸CMOS 传感器；支持H.265编码，实现超低码流传输；全景相机内置20米白光灯补光，采用暖色调和柔化处理，有效降低炫目程度；细节相机内置100米红外灯补光，采用倍率与红外灯功率匹配算法，补光效果更均匀；支持绊线入侵、区域入侵、穿越围栏、徘徊、物品遗留、物品搬移、快速移动、停车、人员聚集检测；支持人车分类报警；支持联动跟踪；水平旋转范围检验：全景摄像机水平旋转范围:水平角度0~360º，细节摄像机水平旋转范围:水平角度0~250º（提供公安部有效检测报告复印件加盖原厂鲜章）；垂直旋转范围检验：全景摄像机垂直旋转范围:垂直角度0~30º细节摄像机垂直旋转范围:垂直角度-10~150º（提供公安部有效检测报告复印件加盖原厂鲜章）；支持300个预置位，8条巡航路径，5条巡迹路径；支持1路音频输入和1路音频输出；内置2路报警输入和1路报警输出，支持报警联动功能；支持IP67防护等级，8000V防雷、防浪涌和防突波保护；支持AC24V±25%宽电压输入；支持国密算法 SM1、SM2、SM3、SM4，支持GB35114 A级；支持报警联动白光警戒，声音报警，对目标进行跟踪；喇叭警戒距离可达50m；内置扬声器，支持13条喊话报警；\n3.未尽事宜满足设计及现行技术、质量验收规范要求","台",4,7500,30000]
[9,"枪球一体机支架","1.名称：枪球一体机支架 \n2.未尽事宜满足设计及现行技术、质量验收规范要求","个",4,150,600]
[10,"信号灯检测器","1.名称：信号灯检测器\n2.规格、型号：交通信号输入接口≥16路；交通灯状态指示≥16路；支持通过配置工具设置红灯检测模式/绿灯检测模式；网络状态监测功能:开启Ping功能时，Ping成功LAN指示灯闪烁，Ping失败或Ping功能未使能LAN指示灯常亮，首次Ping成功/失败可记录日志。时间设置:支持通过配置工具设置NTP 校时或同步PC时间。（提供公安部有效检测报告复印件加盖原厂鲜章）；支持通过小工具进行网络升级/通过CRT软件进行串口升级。接口:RS485接口:1个；网络接口:1个,RJ45 100M 网口；电源接口：DC12V，1A；AC220V输入接口:20个。（提供公安部有效检测报告复印件加盖原厂鲜章）；工作温度：-40℃～+65℃；功耗：<3W；供电方式：DC12V；\n3.未尽事宜满足设计及现行技术、质量验收规范要求","套",1,2100,2100]
[11,"智能补光灯","1.类型：智能补光灯\n2.规格、型号：1个灯覆盖1车道，带安装支架或导轨；适用于电子警察抓拍单元的夜间视频检测、车辆抓拍、视频录像补光；采用16颗Cree高性能冷白LED，光源高效、节能环保；平均功耗≤23W；光学模式：频闪，支持环境亮度检测；自动感光功能检查：可根据环境亮度变化自动点亮或熄灭，环境亮度阀值10档可调。光通量：1800lm；色温：6500 K±200K；在距补光灯20米处，亮度等级20时光斑照度不得超过40lx；工作温度-40℃～+80℃；工作湿度：10%~90%（无凝结）；外壳防护等级：IP67；符合GA/T1202-2014《交通技术监控成像补光装置通用技术规范》 \n3.定制支架\n4.未尽事宜满足设计及现行技术、质量验收规范要求","台",9,1500,13500]
[12,"环保补光灯","1.类型：环保补光灯 \n2.规格、型号：高度集成：集暖光LED频闪、爆闪和氙气白光、红外爆闪于一体；支持在 LED 频闪开启时，叶片自动切换成红外模式；触发气体放电爆闪时，LED爆闪同步闪光；LED 频闪熄灭时，叶片自动切换成白光模式， 触发氙气爆闪时，LED 爆闪不闪光 。（提供公安部有效检测报告复印件加盖原厂鲜章）；支持气体灯爆闪功能，并可通过控制转轴叶片进行白光和红外光切换，在低亮度情况下切换到红外模式 。（提供公安部有效检测报告复印件加盖原厂鲜章）；自动调节：内置光敏，根据环境光自动切换白天/夜晚模式，自动调节氙气灯亮度和切换LED灯亮灭；红外白光：支持红外/白光闪光，可自动切换红外和白光模式；视频同步：支持LED频闪同步相机视频补光；抓拍同步：支持LED爆闪或氙气爆闪同步相机抓拍补光；亮度可调：支持相机WEB或客户端设置LED频闪灯和氙气爆闪灯亮度；脉宽可调：支持相机WEB或者客户端设置LED频闪脉宽时间0~3ms；频率可调：支持相机WEB或者客户端设置LED频闪频率50Hz/60Hz/75Hz/90Hz/100Hz/120Hz；回电时间：爆闪回电时间＜60ms；触发方式：支持通过开关量触发方式检测闪光是否正常；频闪统计：支持统计频闪持续时间；爆闪计数：支持统计爆闪次数和触发次数；防干扰：支持脉宽检测触发；屏蔽误触发：支持屏蔽误触发干扰信号；符合GA/T1202-2014《交通技术监控成像补光装置通用技术规范》的检测报告，并提供检测报告。\n3.定制支架\n4.未尽事宜满足设计及现行技术、质量验收规范要求","台",6,1800,10800]
[13,"光敏控制器","1.名称：光敏控制器\n2.型号规格：光控自动开关，220V/AC。 \n多点光亮度检测，避免误触发；\nARM控制器，检测灵敏可靠，支持自动、人工；\n0-255级亮度输出；\n支持RS485、100M以太网接口；\n大功率无触点控制 220V16A；\n智能微调:可根据经纬度、日出日落、晴天或阴雨天的实际光照度自动微调控制时间和方式；\n照度标准：0.1～1000 Lux无级调整；\n压铸铝密封外壳，防水防尘；\n工作温度：-40℃～+80℃，适合南方酷暑地区\n3未尽事宜满足设计及现行技术、质量验收规范要求","个",10,65,650]
[14,"智能终端盒","1.名称：智能终端盒\n2.规格型号：嵌入式Linux架构，高性能处理器；操作界面：WEB方式；视频输入：可接8路高清视频流及图片流，增配交换机最大可扩展至12路高清视频和12路高清图片同时接入；硬盘存储：支持2个SATA硬盘接口硬盘，存储容量不低于4TB；网络接口：配置不低于8个100M以太网接口，2个1000M自适应以太网接口；其他接口：具有报警输入，报警输出，RS232接口，RS485接口，USB3.0等常用接口；视频格式编码：H.264或H.265；图片格式：JPEG；图片合成：违章图片合成，字符叠加等；数据防删改功能：录像、图片无法直接删除；支持原始图片、合成图片、车牌图片、关联录像等交通数据及图片自动上传；支持3个FTP服务器同时存储，具有断网恢复后的断点续传功能；环境温度：-30℃-65℃；环境湿度：20%~90%（无凝结）\n3.未尽事宜满足设计及现行技术、质量验收规范要求","台",3,5000,15000]
[15,"硬盘 6000G","1.名称：硬盘 \n2.规格型号：监控级专用硬盘，6000G；5400RPM；256M；SATA\n3.未尽事宜满足设计及现行技术、质量验收规范要求","块",6,2000,12000]
[16,"高清硬盘录像机","1.名称：高清硬盘录像机\n2.规格型号：接入路数：≥16路网络摄像机；接入带宽：≥128M，转发性能：≥128M；视频输出口：VGA、HDMI各1个，支持VGA/HDMI视频同源输出；盘位：4个，4个内置SATA接口，支持10T；回放性能：同时回放8路1080P；通讯接口：2个千兆网口，1个USB2.0，1个USB3.0；USB接口：1个前置USB2.0接口/1个后置USB3.0接口；1个电源接口，电源适配器供电模式，输入DC 12V 电源；设备类型：1U标准机架式；\n3.未尽事宜满足设计及现行技术、质量验收规范要求","台",3,3500,10500]
[17,"智能交通终端管理设备","1.名称：智能交通终端管理设备\n2.规格型号：嵌入式Linux架构，高性能处理器；操作界面：WEB方式；视频输入：可接8路高清视频流及图片流，增配交换机最大可扩展至12路高清视频和12路高清图片同时接入；硬盘存储：支持2个SATA硬盘接口硬盘，存储容量不低于4TB；网络接口：配置不低于8个100M以太网接口，2个1000M自适应以太网接口；其他接口：具有报警输入，报警输出，RS232接口，RS485接口，USB3.0等常用接口；视频格式编码：H.264或H.265；图片格式：JPEG；图片合成：违章图片合成，字符叠加等 ；数据防删改功能：录像、图片无法直接删除；支持原始图片、合成图片、车牌图片、关联录像等交通数据及图片自动上传；支持3个FTP服务器同时存储，具有断网恢复后的断点续传功能；环境温度：-30℃-65℃；环境湿度：20%~90%（无凝结）\n3.未尽事宜满足设计及现行技术、质量验收规范要求","台",3,8450,25350]
[18,"智能控制机箱（含基础）","1.类型：智能控制机箱（含基础）\n2.材质、规格：\n系统功能:（1）具备中心联网控制、信息交互、数据交换、设备监测、集中供电及监测、智能门禁等功能；（2）实现智能化管理含电源控制和设备供电，用于集中设备网络和电源管理；（3）放置存储设备、光电转换和网络交换设备;（4） 实现中心平台联网集中管控；（5）强电弱电分别布线，规范有序，便于维护：所有外部进线(包括光纤)在接线层接线；（6）防雷及漏电保护设计，保护人员和内部设备安全；（7）2路交流220V/5A可控电源，电流电压实时监测和控制；（8）2可控直流负载12V供电，内置大电流开关电源，远程开关门控制；（10）具备温湿度检测、水位检测报警、无线照度遥测（太阳能供电，无需单独供电）接口；（11）内部组成主要包含：集中电控单元、集中光控单元、环境检测单元；\n电气参数：（1）工作电压：220V±15％；（2）电气防护：过流、短路、断路、过压防护。\n机械参数：（1）一体化结构设计，19〃标准机柜；（2）尺寸: 620*630*1450mm，2mm钢板厚度，双开门。\n材质：304不锈钢，外表喷塑。\n工作环境：防护等级 IP65。\n3.机箱、机箱基础安装详机箱落地设计图\n4.未尽事宜满足设计及现行技术、质量验收规范要求","套",1,2000,2000]
[19,"光端机挂箱","1.名称：光端机挂箱\n2.规格、型号：1.5mm304不锈钢喷塑，表喷“公安交通”标识图案文字，尺寸：350*450*250mm，温控单元为滚轴风扇温控系统，≥40℃开启，≤35℃关闭，框架为焊接式，防盗单元：门禁报警，门锁，浪涌保护等级：1.5KV，附件：空开，浪涌保护器，隔层板，220V10A供电接口，防尘网，设备安装导轨等\n3.安装详设计施工图\n4.未尽事宜满足设计及现行技术、质量验收规范要求","台",9,520,4680]
[20,"8电2光工业交换机","1.名称：8电2光工业交换机\n2.功能参数：（1）端口类型2路100Base-X、8路10/100 Base-T(X)以太网接口；（2）网络标准IEEE 802.3,IEEE 802.3u,IEEE 802.3x,IEEE 802.1d（3） 符合电信运营标准，平均无故障工作在5万小时以上;\n电气参数：（1）电压12-48 VDC或18-30 VAC；（2） 雷击浪涌冲击防护(电源)：5000A(8/20μs)；\n机械参数：安装方式：导轨式安装；\n材质：工业铝合金外壳；\n工作环境：（1）工作温度-40℃-85℃；（2）工作湿度10%-95%(无凝露)\n3.未尽事宜满足设计及现行技术、质量验收规范要求","台",4,980,3920]
[21,"4光4电工业交换机","1.名称：4光4电工业交换机\n2.功能参数：（1）端口类型4路100Base-X、4路10/100Base-T(X)以太网接口（2） 网络标准IEEE 802.3,IEEE 802.3u,IEEE 802.3x,IEEE 802.1d（3） 符合电信运营标准，平均无故障工作在5万小时以上；\n电气参数：（1） 电压12-48 VDC或18-30 VAC（2）雷击浪涌冲击防护(电源)：5000A(8/20μs)：\n机械参数：安装方式：导轨式安装；\n材质：工业铝合金外壳；\n工作环境：（1） 工作温度-40℃-85℃（2） 工作湿度10%-95%(无凝露)\n3.未尽事宜满足设计及现行技术、质量验收规范要求","台",1,1500,1500]
[22,"4m悬臂电子警察杆","1.类型：摄像机杆 \n2.规格、型号：八棱锥型变径立杆，表面热锓锌处理。立杆外径、横杆外径及壁厚详见对应长度杆件大样图，可抗8级台风 \n3.立杆6.5m，横杆4m\n4.含装配、吊装等\n5.包括配套附件等制作安装\n6.摄像机杆做法详悬臂电子警察安装结构图\n7.200mm厚片石垫层表层灌砂，100mm厚C10细石混凝土垫层、C30钢筋混凝土基础\n8.混凝土运输及浇筑方式：投标人自行考虑\n9.钢筋连接方式、安装方式：投标人自行考虑\n9.未尽事宜满足设计及现行技术、质量验收规范要求","套","1",9000,9000]
[23,"6m悬臂电子警察杆","1.类型：摄像机杆 \n2.规格、型号：八棱锥型变径立杆，表面热锓锌处理。立杆外径、横杆外径及壁厚详见对应长度杆件大样图，可抗8级台风 \n3.立杆6.5m，横杆6m\n4.含装配、吊装等\n5.包括配套附件等制作安装\n6.摄像机杆做法详悬臂电子警察安装结构图\n7.200mm厚片石垫层表层灌砂，100mm厚C10细石混凝土垫层、C30钢筋混凝土基础\n8.混凝土运输及浇筑方式：投标人自行考虑\n9.钢筋连接方式、安装方式：投标人自行考虑\n9.未尽事宜满足设计及现行技术、质量验收规范要求","套",1,12000,12000]
[24,"10m悬臂电子警察杆","1.类型：摄像机杆 \n2.规格、型号：八棱锥型变径立杆，表面热锓锌处理。立杆外径、横杆外径及壁厚详见对应长度杆件大样图，可抗8级台风 \n3.立杆6.5m，横杆10m\n4.含装配、吊装等\n5.包括配套附件等制作安装\n6.摄像机杆做法详悬臂电子警察安装结构图\n7.200mm厚片石垫层表层灌砂，100mm厚C10细石混凝土垫层、C30钢筋混凝土基础\n8.混凝土运输及浇筑方式：投标人自行考虑\n9.钢筋连接方式、安装方式：投标人自行考虑\n9.未尽事宜满足设计及现行技术、质量验收规范要求","套","4",15000,60000]
[26,"悬臂式遮水帽","1.类型：悬臂式遮水帽 \n2.材质、规格尺寸：Ф290*300mm封盖部分Ф230/290半球，国标301不锈钢材质，开缺口，成型后打磨至表面平整、光滑，黄色烤漆\n3.未尽事宜满足设计及现行技术、质量验收规范要求","套",6,65,390]
[27,"电源线 RVV3×1.5mm2","1.类型：电源线 \n2.材质：铜芯 \n3.聚氯乙烯绝缘聚氯乙烯护套软线 额定电压：300/500V，规格：RVV3×1.5mm²，导体材质：无氧铜，绝缘材料：聚氯乙烯，执行标准：GB/T 5023.5-2008额定电压450/750V及以下聚氯乙烯绝缘电缆\n4.未尽事宜满足设计及现行技术、质量验收规范要求","m",1000,8,8000]
[28,"单模4芯室外光纤","1.名称：单模4芯室外光纤\n2.规格：4芯\n3.敷设方式：管内或线槽内敷设\n4.未尽事宜满足设计及现行技术、质量验收规范要求","m",1000,4,4000]
[29,"接地线 RVV1×10.0mm2","1.类型：电源线 \n2.材质：铜芯 \n3.规格、型号：额定电压：300/500V，规格RVV1×10.0mm²，导体材质：无氧铜，绝缘材料：聚氯乙烯，执行标准：GB/T 5023.5-2008\n4.未尽事宜满足设计及现行技术、质量验收规范要求","m","100",13,1300]
[30,"接地极 L50×5×2500mm","1.名称：接地极 \n2.类型：接地极\n3.材质：镀锌角钢\n4.规格：L50×5×2500mm\n5.土质：综合\n6.基础接地形式：详设计\n7.未尽事宜满足设计及现行技术、质量验收规范要求","根",40,40,1600]
[31,"热镀锌接地扁钢 40×4mm","1.名称：接地母线\n2.材质：镀锌扁钢\n3.规格：-40×4mm\n4.未尽事宜满足设计及现行技术、质量验收规范要求","m",100,13,1300]
[32,"尾纤盒","1.名称：尾纤盒\n2.规格型号：尾纤盒支持导轨式安装，含尾纤、跳线（SC-SC）、尾纤盒、耦合器等其他耗材\n3.未尽事宜满足设计及现行技术、质量验收规范要求","台",7,350,2450]
[33,"电子警察调试","1.名称：电子警察调试\n2.型号：综合 \n3.未尽事宜满足设计及现行技术、质量验收规范要求","系统",1,2000,2000]
["五","监控设施设备"]
[1,"挂箱 ","1.名称：挂箱\n2.规格、型号：具体规格尺寸详设计施工图\n基本参数：（1）温控单元：滚轴风扇温控系统，≥40℃开启，≤35℃关闭；（2）防盗单元：门禁报警，门锁；（3）附件：空开，浪涌保护器，隔层板，供电接口，防尘网，设备安装导轨\n电气参数：（1）输出：220V10A；（2）浪涌保护等级：1.5KV。\n机械参数：（1）表喷“公安交通”标识图案文字；\n材质：（1）框架：焊接式；（2）1.5mm304不锈钢喷塑。\n工作环境：（1）湿度：5%~95%@40℃，无凝结；（2）工作环境温度：-40℃～+80℃；\n3.安装详设计施工图\n4.未尽事宜满足设计及现行技术、质量验收规范要求","台","2",800,{"$f":"E122*F122","v":1600}]
[2,"悬臂立杆 φ165×6×8000mm","1.类型：悬臂立杆\n2.材质：悬臂式立杆Φ165×6×8000mm，热浸锌杆件，立柱8米，横臂3-5米\n3.含装配、吊装等\n4.包括配套附件等制作安装\n5.基础、立杆做法详设计施工图\n6.未尽事宜满足设计及现行技术、质量验收规范要求","根","2",5500,11000]
[3,"电源线 RVV3×6mm2","1.类型：电源线 \n2.材质：铜芯 \n3.规格、型号：RVV3×6mm²，导体材质：无氧铜，绝缘材料：聚氯乙烯，执行标准：GB/T 5023.5-2008\n4.未尽事宜满足设计及现行技术、质量验收规范要求","m","500",20,10000]
[4,"4光1电工业交换机","1.名称：4光1电工业交换机\n2.规格型号：端口类型1路100Base-X、4路10/100Base-T(X)以太网接口，网络标准IEEE 802.3,IEEE 802.3u,IEEE 802.3x,IEEE 802.1d，符合电信运营标准，平均无故障工作在5万小时以上，电压12-48 VDC或18-30 VAC，雷击浪涌冲击防护(电源)：5000A(8/20μs)；安装方式：导轨式安装，工业铝合金外壳；工作温度-40℃-85℃，工作湿度10%-95%(无凝露)\n3.未尽事宜满足设计及现行技术、质量验收规范要求","台",1,800,800]
[5,"4光4电工业交换机","1.名称：4光4电工业交换机\n2.规格型号：\n功能参数：（1）端口类型4路100Base-X、4路10/100Base-T(X)以太网接口（2） 网络标准IEEE 802.3,IEEE 802.3u,IEEE 802.3x,IEEE 802.1d（3） 符合电信运营标准，平均无故障工作在5万小时以上；\n电气参数：（1） 电压12-48 VDC或18-30 VAC（2）雷击浪涌冲击防护(电源)：5000A(8/20μs)：\n机械参数：安装方式：导轨式安装；\n材质：工业铝合金外壳；\n工作环境：（1） 工作温度-40℃-85℃（2） 工作湿度10%-95%(无凝露)\n3.未尽事宜满足设计及现行技术、质量验收规范要求","台","2",1500,3000]
[6,"接地极 L50×5×2500mm","1.名称：接地极 \n2.类型：接地极\n3.材质：镀锌角钢\n4.规格：L50×5×2500mm\n5.土质：综合\n6.基础接地形式：详设计\n7.未尽事宜满足设计及现行技术、质量验收规范要求","根","2",39,78]
[7,"热镀锌接地扁钢40×4mm","1.名称：接地母线\n2.材质：镀锌扁钢\n3.规格：-40×4mm\n4.未尽事宜满足设计及现行技术、质量验收规范要求","m","5",13,65]
[8,"接地线 RVV1×10.0mm2","1.类型：电源线 \n2.材质：铜芯 \n3.规格、型号：额定电压：300/500V，规格RVV1×10.0mm²，导体材质：无氧铜，绝缘材料：聚氯乙烯，执行标准：GB/T 5023.5-2008\n4.未尽事宜满足设计及现行技术、质量验收规范要求","m",30,13,390]
["六"," 全透型主动发光标志系统"]
[1,"挂箱 350×450×250mm","1.名称：挂箱\n2.规格、型号：350×450×250mm\n（1）全透式标志底板为透明板，反光膜采用电刻加工、或者透明油墨（反光膜专用型）丝网印刷，面板发光显示均匀无任何阴影，文字图形显示的边界轮廓清晰；                                                      （2）标志表面文字图形采用高透光型微棱镜IV类反光膜，白色透光率≥25%，透光均匀性1.2:1～1.3:1，24V电压时的标志表面白色反光膜表面照度≥2000LX/m2；\n3.未尽事宜满足设计及现行技术、质量验收规范要求","台",9,650,{"$f":"E131*F131","v":5850}]
[2,"车辆485雷达","1、名称：车辆458雷达                                  2、规格型号：单模单纤，千兆，SC头，传输距离20公里。    3.未尽事宜满足设计及现行技术、质量验收规范要求","套",6,9800,58800]
[3,"光纤收发器","1.名称：光纤收发器 \n2.规格型号：一路网线接口，一路光纤接口；2)100~240V AC 50/60HZ 交流供电；\n采用单模双芯、LC 接口光纤，传输距离 15KM；4)无需任何驱动，连接即可使用。                                             \n提供厂家3C认证证书，并加盖厂家鲜章；\n提供CNAS第三方检测报告，并加盖厂家鲜章；红色字体不具备；\n提供国家级认证的HDR认证证书，并加盖厂家鲜章；\n提供厂家 国家级 信息系统安全等级（三级）保护备案证明，并加盖厂家鲜章； \n3.未尽事宜满足设计及现行技术、质量验收规范要求\n","对",6,1100,6600]
["七","混凝土模板及支架"]
[1,"现浇混凝土模板 管道基础","1.支模高度：综合\n2.模板及支架材料:由投标人根据设计文件结合自身的技术能力综合考虑\n3.本项目投标人应根据施工经验，现场实际情况和企业自身情况综合报价\n4.未尽事宜满足设计及现行技术、质量验收规范要求","m2",60,60,{"$f":"E135*F135","v":3600}]
[2,"现浇混凝土模板 管道包封","1.支模高度：综合\n2.模板及支架材料:由投标人根据设计文件结合自身的技术能力综合考虑\n3.本项目投标人应根据施工经验，现场实际情况和企业自身情况综合报价\n4.未尽事宜满足设计及现行技术、质量验收规范要求","m2",60,60,3600]
[3,"现浇混凝土模板 垫层","1.支模高度：综合\n2.模板及支架材料:由投标人根据设计文件结合自身的技术能力综合考虑\n3.本项目投标人应根据施工经验，现场实际情况和企业自身情况综合报价\n4.未尽事宜满足设计及现行技术、质量验收规范要求","m2",60,60,3600]
["合  计",{"$nulls":5},{"$f":"SUM(G4:G137)","v":{"v":1160564.6,"d":"1160564.60"}}]
["说明：\n1.投标人根据施工工艺、工序及国家现行规范自行踏勘现场后综合考虑进行报价，结算时不作调整;\n2.全费用综合单价包含人工费、所有材料费（含辅材和周转材料费）、机械设备费、工具器具费、临时设施及措施费、大型机械进出场及场内转运费、下车费、吊装费、规费、管理费、配合费、安全文明施工费、以及各种风险费、保险费、施工过程中办理的各种手续费、降水费、排水费、各种检测费、利润、税费等完成该工作所需的全部费用，结算时无论涨跌、工程量增减或其它任何风险因素，均不作调整。。\n3.施工中所用临时配电箱、用电线路、临时用水管道、开关箱、机具等从建设方提供的接口处接出，所有材料、设备及安装费用含在综合单价中。\n4.投标人负责协调交警以及验收移交工作，费用不单独计取。。\n5.现场安全环保文明施工管理要求：（1）由公司统一发放印有“兴绿园林”字样和LOGO的安全帽和反光背心，班组按实名制领取，使用完后交回项目部，否则按采购费用扣款，其余参照合同附件中安全环保管理协议执行。（2）现场雾炮机由甲方提供，投标单位需安排人员管理使用，人工费、油费及管理费用综合考虑到投标报价中，不单独计取。  （3）防尘网由甲方提供，投标单位安排人员进行覆盖、回收、现场转移等，人工费综合考虑到投标报价中，不单独计取。"]